|
|
|
|
| LEADER |
01348nam a2200277 i 4500 |
| 003 |
GR-PaULI |
| 005 |
20240222095141.0 |
| 008 |
211027t2007 gr aofag 001 1 gre d |
| 952 |
|
|
|0 0
|1 0
|2 ddc
|4 0
|6 069_074000000000000_ΑΙΓ
|7 1
|9 329826
|a LISP
|b LISP
|c DON
|d 2021-10-27
|e ΨΥΧ
|i 253610
|l 0
|o 069.074 ΑΙΓ
|p 025000287718
|r 2021-10-27 00:00:00
|t 1
|w 2021-10-27
|y BKN
|
| 999 |
|
|
|c 184605
|d 184605
|
| 020 |
|
|
|a 9789606709227
|
| 040 |
|
|
|a GR-PaULI
|b gre
|c GR-PaULI
|e AACR2
|
| 041 |
1 |
|
|a ita
|k gre
|
| 082 |
0 |
4 |
|a 069.074
|2 23
|
| 245 |
0 |
0 |
|a Αιγυπτιακό μουσείο :
|b Κάιρο /
|c κείμενα Paolo Del Vesco.
|
| 260 |
|
|
|a [χ.τ.] :
|b Η Καθημερινή,
|c c2007.
|
| 300 |
|
|
|a 188 σ. :
|b έγχ. εικ. ;
|c 24 εκ.
|
| 490 |
1 |
|
|a Μουσεία του κόσμου;
|v 9.
|
| 505 |
|
|
|a Το Αιγυπτιακό μουσείο του Καΐρου -- Τα αριστουργήματα -- Οι συλλογές -- Ευρετήριο έργων.
|
| 650 |
|
0 |
|a Αρχαιολογικά μουσεία και συλλογές
|9 85520
|
| 651 |
|
4 |
|9 85606
|a Αλεξάνδρεια (Αίγυπτος)
|x Αρχαιότητες
|
| 700 |
1 |
|
|9 188257
|a Del Vesco, Paolo
|e συγγραφέας.
|
| 765 |
0 |
|
|t Museo Egizio
|
| 830 |
|
|
|9 182617
|a Μουσεία του κόσμου (Η καθημερινή)
|v 9
|
| 942 |
|
|
|2 ddc
|c BK
|
| 998 |
|
|
|c Σαλαμούρα
|d 2021-10
|